<?xml version="1.0" encoding="UTF-8"?><?xml-stylesheet type="text/xsl" href="static/style.xsl"?><OAI-PMH xmlns="http://www.openarchives.org/OAI/2.0/" xmlns:xsi="http://www.w3.org/2001/XMLSchema-instance" xsi:schemaLocation="http://www.openarchives.org/OAI/2.0/ http://www.openarchives.org/OAI/2.0/OAI-PMH.xsd"><responseDate>2026-04-17T18:40:59Z</responseDate><request verb="GetRecord" identifier="oai:www.recercat.cat:2072/248930" metadataPrefix="marc">https://recercat.cat/oai/request</request><GetRecord><record><header><identifier>oai:recercat.cat:2072/248930</identifier><datestamp>2024-12-21T22:16:17Z</datestamp><setSpec>com_2072_220028</setSpec><setSpec>com_2072_4427</setSpec><setSpec>col_2072_220405</setSpec></header><metadata><record xmlns="http://www.loc.gov/MARC21/slim" xmlns:dcterms="http://purl.org/dc/terms/" xmlns:xsi="http://www.w3.org/2001/XMLSchema-instance" xmlns:doc="http://www.lyncode.com/xoai" xsi:schemaLocation="http://www.loc.gov/MARC21/slim http://www.loc.gov/standards/marcxml/schema/MARC21slim.xsd">
   <leader>00925njm 22002777a 4500</leader>
   <datafield ind2=" " ind1=" " tag="042">
      <subfield code="a">dc</subfield>
   </datafield>
   <datafield ind2=" " ind1=" " tag="720">
      <subfield code="a">Pérez Ortega, Maria Jesús</subfield>
      <subfield code="e">author</subfield>
   </datafield>
   <datafield ind2=" " ind1=" " tag="720">
      <subfield code="a">Orengo Romeu, Hector A.</subfield>
      <subfield code="e">author</subfield>
   </datafield>
   <datafield ind2=" " ind1=" " tag="720">
      <subfield code="a">Riera i Mora, Santiago</subfield>
      <subfield code="e">author</subfield>
   </datafield>
   <datafield ind2=" " ind1=" " tag="720">
      <subfield code="a">Palet i Martínez, Josep M.</subfield>
      <subfield code="e">author</subfield>
   </datafield>
   <datafield ind2=" " ind1=" " tag="720">
      <subfield code="a">Carmona, Pilar</subfield>
      <subfield code="e">author</subfield>
   </datafield>
   <datafield ind2=" " ind1=" " tag="720">
      <subfield code="a">Ruiz, José M.</subfield>
      <subfield code="e">author</subfield>
   </datafield>
   <datafield ind2=" " ind1=" " tag="260">
      <subfield code="c">2015-04-15</subfield>
   </datafield>
   <datafield ind2=" " ind1=" " tag="520">
      <subfield code="a">El territorio de Valentia está siendo analizado en el contexto de un nuevo proyecto de investigación, Valentia Landscape Project, que busca modelizar la evolución de paisaje cultural valenciano desde la protohistoria a época moderna. Una parte importante de este proyecto se centra en el período romano, puesto que uno de los principales objetivos es la revisión, a través de un nuevo análisis arqueomorfológico, de las hipótesis propuestas hasta la fecha para la red viaria y los parcelarios antiguos. Se presentan los primeros resultados.</subfield>
   </datafield>
   <datafield ind2=" " ind1=" " tag="520">
      <subfield code="a">Le territoire de la Valentia romaine a été l’objet d’un nouveau projet de recherche, Valentia Landscape Project, qui vise à modéliser l’évolution du paysage culturel de Valencia de l’âge du Fer à la période moderne. Une grande partie du projet a porté sur la période romaine, car l’un des principaux objectifs est d’étudier les systèmes viaires et parcellaires antiques à travers une analyse archéomorphologique renouvelée. Nous présentons les premiers résultats.</subfield>
   </datafield>
   <datafield ind2=" " ind1=" " tag="520">
      <subfield code="a">The territory of Roman Valentia is being analysed within a new research project, The Valentia Landscape Project, that aims to model the development of the Valencian Cultural Landscape from the Iron Age to the Modern period. An important part of this project focuses on the Roman period, being one of its major goals to review, through a new archaeomorphological analysis, previous hypothesis on the ancient road network and field system proposed for the study area. The first results are presented here.</subfield>
   </datafield>
   <datafield ind1="8" ind2=" " tag="024">
      <subfield code="a">Ortega, M.J.; Orengo, H.A.; Riera, S.; Palet, J.M.; Carmona, P.; Ruiz, J.M. (2014) «Ocupación y estructuración del paisaje litoral de "Valentia" durante el período romano»Rencontres internationales d'archéologie et d'histoire d'Antibes., Implantations humaines en milieu littoral Mediterranéen: Facteurs d’installation et processus d’appropriation de l’espace, de la Préhistoire au Moyen Âge, 373-381</subfield>
   </datafield>
   <datafield ind1="8" ind2=" " tag="024">
      <subfield code="a">http://hdl.handle.net/2072/248930</subfield>
   </datafield>
   <datafield ind2="0" ind1="0" tag="245">
      <subfield code="a">Ocupación y estructuración del paisaje litoral de "Valentia" durante el período romano</subfield>
   </datafield>
</record></metadata></record></GetRecord></OAI-PMH>